000 00705nam a2200205Ii 4500
003 JO-AjNU
008 230605s9999||||xx |||||||||||||| ||und||
017 _a1989/7/435
040 _aJO-AjNU
_bara
_erda
_cJO-AjNU
041 _aara
050 1 4 _aRJ101.F8734 1989
100 3 _aفريحات ، حكمت عبدالكريم / م مشارك عودة ابو الجواد ابوسنينة,
_eauthor
_97097
245 0 0 _aصحة الطفل وتغذيته
264 3 1 _aعمان:الاهلية للنشر والتوزيع ، 1989
300 _a235ص
336 _atext
_btxt
_2rdacontent
337 _aunmediated
_bn
_2rdamedia
338 _avolume
_bnc
_2rdacarrier
650 4 _aالاطفال-رعاية
_97098
999 _aA106
_c3674
_d3674